| 000 | 01377nam a2200253Ia 4500 | ||
|---|---|---|---|
| 999 |
_c52547 _d52547 |
||
| 001 | 19571 | ||
| 003 | GE_BSU | ||
| 005 | 20200305160932.0 | ||
| 008 | 181216s1966||||ge |||||||||||||| ||geo|| | ||
| 040 | _cGE_BSU | ||
| 041 | _ageo | ||
| 080 | _a811.353.1(072)(075.8) დ-15 | ||
| 100 |
_aდავითიანი, აკაკი _97697 |
||
| 245 |
_aრუსული სკოლის დაწყებით კლასებში ქართული ენის სწავლების მეთოდიკა : _bსახელმძღვ. პედ. ინ-ტების სტუდენტებისათვის / _cაკაკი დავითიანი ; რედ. ე. ივანიშვილი. |
||
| 264 |
_aთბილისი : _bგანათლება, _c1966. |
||
| 300 |
_a150 გვ. ; _c21 სმ. |
||
| 490 | _a(პედაგოგიკა და მეთოდიკა) | ||
| 541 | _h78თ. | ||
| 653 | _aქართული ენა | ||
| 653 | _aქართული ენის სწავლების მეთოდიკა | ||
| 653 | _aსახელმძღვანელოები უმაღლესი სასწავლებლებისათვის | ||
| 700 |
_aივანიშვილი, ე. _eრედაქტორი _94316 |
||
| 942 |
_cBK _2udc |
||